{"text_format":"3","workbook":"xlsx","n_sheets":1,"sheets":["t520"],"read":"whole","date_system":"1900"}

{"sheet":"t520","index":0,"n_rows":155,"n_cols":7,"rows_kept":155,"merged":[[0,0,0,6],[30,0,30,5],[44,0,44,5],[132,0,132,5]]}
["TABELA 520.1 - Estatísticas Agrícolas, Município de Santa Mercedes, Estado de São Paulo, 2007/08."]
["ITEM","UNIDADE","N.DE UPAs","MÍNIMO","MÉDIO","MÁXIMO","TOTAL"]
["Distância à sede do município","km",203,0.5,5.9,{"v":21,"d":"21.0"},"-"]
["Área total","hectare",203,0.7,{"v":79.41,"d":"79.4"},{"v":1766.6,"d":"1,766.6"},{"v":16121,"d":"16,121.0"}]
["Área com cultura perene","hectare",19,0.5,{"v":6.16,"d":"6.2"},35.6,117.1]
["Área com cultura temporária","hectare",87,0.4,{"v":50.29,"d":"50.3"},{"v":355,"d":"355.0"},{"v":4374.8,"d":"4,374.8"}]
["Área com pastagem","hectare",157,0.5,{"v":70.71,"d":"70.7"},{"v":1755,"d":"1,755.0"},{"v":11101.6,"d":"11,101.6"}]
["Área com reflorestamento","hectare",12,{"v":1,"d":"1.0"},{"v":20.44,"d":"20.4"},{"v":50,"d":"50.0"},245.3]
["Área com vegetação natural","hectare",6,1.5,{"v":11.13,"d":"11.1"},36.3,66.8]
["Área com vegetação de brejo e várzea","hectare",33,0.5,4.2,{"v":10,"d":"10.0"},138.7]
["Área em descanso","hectare","-","-","-","-",{"v":0,"d":"0.0"}]
["Área complementar","hectare",157,0.1,{"v":0.49,"d":"0.5"},{"v":3,"d":"3.0"},76.7]
["Área das UPAs com (0, 1] ha","hectare",1,0.7,0.7,0.7,0.7]
["Área das UPAs com (1, 2] ha","hectare","-","-","-","-","-"]
["Área das UPAs com (2, 5] ha","hectare",14,{"v":3,"d":"3.0"},{"v":4.19,"d":"4.2"},{"v":5,"d":"5.0"},58.7]
["Área das UPAs com (5, 10] ha","hectare",18,5.2,{"v":7.72,"d":"7.7"},9.7,{"v":139,"d":"139.0"}]
["Área das UPAs com (10, 20] ha","hectare",46,10.3,{"v":14.35,"d":"14.4"},{"v":20,"d":"20.0"},660.1]
["Área das UPAs com (20, 50] ha","hectare",64,20.6,{"v":33.58,"d":"33.6"},{"v":50,"d":"50.0"},{"v":2149,"d":"2,149.0"}]
["Área das UPAs com (50, 100] ha","hectare",22,52.9,{"v":77.31,"d":"77.3"},99.5,{"v":1700.9,"d":"1,700.9"}]
["Área das UPAs com (100, 200] ha","hectare",23,102.3,{"v":144.81,"d":"144.8"},{"v":196,"d":"196.0"},{"v":3330.6,"d":"3,330.6"}]
["Área das UPAs com (200, 500] ha","hectare",10,{"v":205,"d":"205.0"},{"v":272.05,"d":"272.1"},370.4,{"v":2720.5,"d":"2,720.5"}]
["Área das UPAs com (500, 1.000] ha","hectare",2,{"v":576,"d":"576.0"},678.2,780.4,{"v":1356.4,"d":"1,356.4"}]
["Área das UPAs com (1.000, 2.000] ha","hectare",3,{"v":1108.4,"d":"1,108.4"},{"v":1335.03,"d":"1,335.0"},{"v":1766.6,"d":"1,766.6"},{"v":4005.1,"d":"4,005.1"}]
["Área das UPAs com (2.000, 5.000] ha","hectare","-","-","-","-","-"]
["Área das UPAs com (5.000, 10.000] ha","hectare","-","-","-","-","-"]
["Área das UPAs acima de 10.000 ha","hectare","-","-","-","-","-"]
["Familiares do proprietário que trabalham na UPA","unidade",165,{"v":1,"d":"1.0"},{"v":1.27,"d":"1.3"},{"v":4,"d":"4.0"},{"v":210,"d":"210.0"}]
["Trabalhadores permanentes","unidade",51,{"v":1,"d":"1.0"},{"v":1.63,"d":"1.6"},{"v":10,"d":"10.0"},{"v":83,"d":"83.0"}]
["Fonte: Secretaria de Agricultura e Abastecimento, CDRS/IEA, Projeto LUPA."]
[]
["TABELA 520.2 - Explorações Animais, Município de Santa Mercedes, Estado de São Paulo, 2007/08."]
["ITEM","UNIDADE","N.DE UPAs","MÍNIMO","MÉDIO","MÁXIMO","TOTAL"]
["Asininos E Muares","cabeças",1,{"v":8,"d":"8.0"},{"v":8,"d":"8.0"},{"v":8,"d":"8.0"},{"v":8,"d":"8.0"}]
["Avicultura para Ovos","cabeças",6,{"v":6,"d":"6.0"},{"v":34.33,"d":"34.3"},{"v":50,"d":"50.0"},{"v":206,"d":"206.0"}]
["Bovinocultura de Corte","cabeças",78,{"v":7,"d":"7.0"},{"v":140.88,"d":"140.9"},{"v":1600,"d":"1,600.0"},{"v":10989,"d":"10,989.0"}]
["Bovinocultura Leiteira","cabeças",13,{"v":3,"d":"3.0"},{"v":39.38,"d":"39.4"},{"v":230,"d":"230.0"},{"v":512,"d":"512.0"}]
["Bovinocultura Mista","cabeças",61,{"v":3,"d":"3.0"},{"v":28.46,"d":"28.5"},{"v":165,"d":"165.0"},{"v":1736,"d":"1,736.0"}]
["Caprinocultura","cabeças",3,{"v":3,"d":"3.0"},{"v":64.67,"d":"64.7"},{"v":170,"d":"170.0"},{"v":194,"d":"194.0"}]
["Equinocultura","cabeças",63,{"v":1,"d":"1.0"},{"v":3.89,"d":"3.9"},{"v":25,"d":"25.0"},{"v":245,"d":"245.0"}]
["Javalis (Criadouro)","cabeças",1,{"v":30,"d":"30.0"},{"v":30,"d":"30.0"},{"v":30,"d":"30.0"},{"v":30,"d":"30.0"}]
["Ovinocultura","cabeças",8,{"v":3,"d":"3.0"},{"v":52.88,"d":"52.9"},{"v":200,"d":"200.0"},{"v":423,"d":"423.0"}]
["Suinocultura","cabeças",14,{"v":3,"d":"3.0"},{"v":15.57,"d":"15.6"},{"v":50,"d":"50.0"},{"v":218,"d":"218.0"}]
["Fonte: Secretaria de Agricultura e Abastecimento, CDRS/IEA, Projeto LUPA."]
[]
["TABELA 520.3 -  Máquinas, Implementos e Benfeitorias, Município de Santa Mercedes, Estado de São Paulo, 2007/08."]
["ITEM","UNIDADE","N.DE UPAs","MÍNIMO","MÉDIO","MÁXIMO","TOTAL"]
["Arado Comum (Bacia, Aiveca)","Unidade",17,{"v":1,"d":"1.0"},{"v":1,"d":"1.0"},{"v":1,"d":"1.0"},{"v":17,"d":"17.0"}]
["Batedeira de Cereais","Unidade",4,{"v":1,"d":"1.0"},{"v":1.25,"d":"1.3"},{"v":2,"d":"2.0"},{"v":5,"d":"5.0"}]
["Conj.Irrigação Convencional","Unidade",7,{"v":1,"d":"1.0"},{"v":2.29,"d":"2.3"},{"v":10,"d":"10.0"},{"v":16,"d":"16.0"}]
["Desintegrador, Picador, Triturador","Unidade",59,{"v":1,"d":"1.0"},{"v":1.07,"d":"1.1"},{"v":2,"d":"2.0"},{"v":63,"d":"63.0"}]
["Distribuidor de Calcário","Unidade",2,{"v":1,"d":"1.0"},{"v":1,"d":"1.0"},{"v":1,"d":"1.0"},{"v":2,"d":"2.0"}]
["Ensiladeira","Unidade",7,{"v":1,"d":"1.0"},{"v":1,"d":"1.0"},{"v":1,"d":"1.0"},{"v":7,"d":"7.0"}]
["Grade Aradora (Tipo Romi)","Unidade",7,{"v":1,"d":"1.0"},{"v":1,"d":"1.0"},{"v":1,"d":"1.0"},{"v":7,"d":"7.0"}]
["Grade Niveladora","Unidade",14,{"v":1,"d":"1.0"},{"v":1.07,"d":"1.1"},{"v":2,"d":"2.0"},{"v":15,"d":"15.0"}]
["Implementos para Tração Animal","Unidade",20,{"v":1,"d":"1.0"},1.8,{"v":5,"d":"5.0"},{"v":36,"d":"36.0"}]
["Microtrator","Unidade",1,{"v":2,"d":"2.0"},{"v":2,"d":"2.0"},{"v":2,"d":"2.0"},{"v":2,"d":"2.0"}]
["Misturador de Ração","Unidade",1,{"v":1,"d":"1.0"},{"v":1,"d":"1.0"},{"v":1,"d":"1.0"},{"v":1,"d":"1.0"}]
["Ordenhadeira Mecânica","Unidade",5,{"v":1,"d":"1.0"},{"v":1,"d":"1.0"},{"v":1,"d":"1.0"},{"v":5,"d":"5.0"}]
["Pulverizador Tratorizado","Unidade",4,{"v":1,"d":"1.0"},{"v":1,"d":"1.0"},{"v":1,"d":"1.0"},{"v":4,"d":"4.0"}]
["Resfriador de Leite, Tanque Expansão","Unidade",6,{"v":1,"d":"1.0"},{"v":1,"d":"1.0"},{"v":1,"d":"1.0"},{"v":6,"d":"6.0"}]
["Semeadeira/Adubadeira para Plantio Convencional","Unidade",5,{"v":1,"d":"1.0"},{"v":1,"d":"1.0"},{"v":1,"d":"1.0"},{"v":5,"d":"5.0"}]
["Terraceador","Unidade",3,{"v":1,"d":"1.0"},{"v":1,"d":"1.0"},{"v":1,"d":"1.0"},{"v":3,"d":"3.0"}]
["Trator de Pneus","Unidade",24,{"v":1,"d":"1.0"},{"v":1.25,"d":"1.3"},{"v":4,"d":"4.0"},{"v":30,"d":"30.0"}]
["Açude/Represa","Unidade",44,{"v":1,"d":"1.0"},{"v":2,"d":"2.0"},{"v":9,"d":"9.0"},{"v":88,"d":"88.0"}]
["Adega Cantina","Unidade",1,{"v":1,"d":"1.0"},{"v":1,"d":"1.0"},{"v":1,"d":"1.0"},{"v":1,"d":"1.0"}]
["Almoxarifado/Oficina","Unidade",5,{"v":1,"d":"1.0"},{"v":1,"d":"1.0"},{"v":1,"d":"1.0"},{"v":5,"d":"5.0"}]
["Armazém para Grãos Ensacados","Sacas",2,{"v":1,"d":"1.0"},750.5,{"v":1500,"d":"1,500.0"},{"v":1501,"d":"1,501.0"}]
["Balança para Bovinos","Unidade",10,{"v":1,"d":"1.0"},{"v":1,"d":"1.0"},{"v":1,"d":"1.0"},{"v":10,"d":"10.0"}]
["Barracão/Galpão/Garagem","Unidade",50,{"v":1,"d":"1.0"},{"v":1.28,"d":"1.3"},{"v":4,"d":"4.0"},{"v":64,"d":"64.0"}]
["Casa de Moradia Habitada","Unidade",105,{"v":1,"d":"1.0"},{"v":1.36,"d":"1.4"},{"v":8,"d":"8.0"},{"v":143,"d":"143.0"}]
["Casa de Moradia Total","Unidade",131,{"v":1,"d":"1.0"},1.7,{"v":8,"d":"8.0"},{"v":223,"d":"223.0"}]
["Curral/Mangueira","Unidade",132,{"v":1,"d":"1.0"},{"v":1.04,"d":"1.0"},{"v":3,"d":"3.0"},{"v":137,"d":"137.0"}]
["Depósito/Tulha","Unidade",81,{"v":1,"d":"1.0"},{"v":1.15,"d":"1.2"},{"v":3,"d":"3.0"},{"v":93,"d":"93.0"}]
["Estábulo","Unidade",8,{"v":1,"d":"1.0"},{"v":1.25,"d":"1.3"},{"v":3,"d":"3.0"},{"v":10,"d":"10.0"}]
["Fábrica de Farinha","Unidade",1,{"v":1,"d":"1.0"},{"v":1,"d":"1.0"},{"v":1,"d":"1.0"},{"v":1,"d":"1.0"}]
["Instalações para Equinos","Unidade",4,{"v":1,"d":"1.0"},{"v":1.25,"d":"1.3"},{"v":2,"d":"2.0"},{"v":5,"d":"5.0"}]
["Pocilga","Unidade",2,{"v":1,"d":"1.0"},{"v":1,"d":"1.0"},{"v":1,"d":"1.0"},{"v":2,"d":"2.0"}]
["Poço Semi-Artesiano","Unidade",44,{"v":1,"d":"1.0"},{"v":1.11,"d":"1.1"},{"v":3,"d":"3.0"},{"v":49,"d":"49.0"}]
["Silo para Silagem","t",9,{"v":40,"d":"40.0"},{"v":223.33,"d":"223.3"},{"v":700,"d":"700.0"},{"v":2010,"d":"2,010.0"}]
["Terreiro","m²",16,{"v":1,"d":"1.0"},{"v":186.94,"d":"186.9"},{"v":720,"d":"720.0"},{"v":2991,"d":"2,991.0"}]
["Usina de Açúcar/destilaria","Unidade",1,{"v":1,"d":"1.0"},{"v":1,"d":"1.0"},{"v":1,"d":"1.0"},{"v":1,"d":"1.0"}]
["Fonte: Secretaria de Agricultura e Abastecimento, CDRS/IEA, Projeto LUPA."]
[]
["TABELA 520.4 - Outras Estatísticas Agrícolas, Município de Santa Mercedes, Estado de São Paulo, 2007/08."]
["ITEM","Número de UPAs",null,"Percentual"]
["Faz Parte de Associação de Produtores",154,null,{"v":75.86206896551724,"d":"75.9"}]
["Faz Parte de Cooperativa de Produtores",87,null,{"v":42.85714285714286,"d":"42.9"}]
["Faz Parte do Sindicato de Produtores",41,null,{"v":20.197044334975367,"d":"20.2"}]
["Não utiliza assistência técnica ",42,null,{"v":20.689655172413794,"d":"20.7"}]
["Utiliza somente assistência técnica governamental ",126,null,{"v":62.06896551724138,"d":"62.1"}]
["Utiliza somente assistência técnica privada ",12,null,{"v":5.911330049261084,"d":"5.9"}]
["Utiliza assistência técnica tanto governamental quanto privada",23,null,{"v":11.330049261083742,"d":"11.3"}]
["Utiliza Crédito Rural",9,null,{"v":4.433497536945813,"d":"4.4"}]
["Utiliza Seguro Rural","-",null,"-"]
["Utiliza Escrituração Agrícola",18,null,{"v":8.866995073891626,"d":"8.9"}]
["Acessa Internet p/ Fins na Agropecuária",14,null,{"v":6.8965517241379315,"d":"6.9"}]
["Utiliza Computador nas Atividades Agropecuárias",9,null,{"v":4.433497536945813,"d":"4.4"}]
["Utiliza Energia Elétrica Para Uso na Atividade Agrícola",178,null,{"v":87.68472906403942,"d":"87.7"}]
["Realiza Análise de Solo, quando necessário",71,null,{"v":34.97536945812808,"d":"35.0"}]
["Utiliza Práticas de Conservação de Solo, quando necessário",120,null,{"v":59.11330049261084,"d":"59.1"}]
["Faz Adubação Mineral, quando necessário",117,null,{"v":57.635467980295566,"d":"57.6"}]
["Faz Adubação Orgânica, quando necessário",18,null,{"v":8.866995073891626,"d":"8.9"}]
["Faz Adubação Verde, quando necessário",4,null,{"v":1.9704433497536946,"d":"2.0"}]
["Utiliza Manejo Integrado de Pragas (MIP)","-",null,"-"]
["Utiliza Hidroponia","-",null,"-"]
["Utiliza Plasticultura",1,null,{"v":0.49261083743842365,"d":"0.5"}]
["Utiliza Mudas Fiscalizadas",9,null,{"v":4.433497536945813,"d":"4.4"}]
["Utiliza Semente Melhorada",68,null,{"v":33.497536945812804,"d":"33.5"}]
["Faz Confinamento de Bovinos",1,null,{"v":0.49261083743842365,"d":"0.5"}]
["Utiliza Pastejo Intensivo",6,null,{"v":2.9556650246305423,"d":"3.0"}]
["Faz Inseminação Artificial",2,null,{"v":0.9852216748768473,"d":"1.0"}]
["Faz Mineralização do Rebanho",150,null,{"v":73.89162561576354,"d":"73.9"}]
["Faz Vermifugação do Rebanho",150,null,{"v":73.89162561576354,"d":"73.9"}]
["Possui Parceiros /Arrendatários na Exploração Animal",10,null,{"v":4.926108374384237,"d":"4.9"}]
["Esporte e lazer","-",null,"-"]
["Extração mineral","-",null,"-"]
["Hotel Fazenda, Pousada ou SPA","-",null,"-"]
["Pesque-pague","-",null,"-"]
["Restaurante ou Lanchonete","-",null,"-"]
["Transformação artesanal","-",null,"-"]
["Turismo rural ou ecoturismo","-",null,"-"]
["Outras atividades econômicas rurais","-",null,"-"]
["Agroindústria","-",null,"-"]
["Proprietário sem instrução ou com instrução incompleta",1,null,{"v":0.49261083743842365,"d":"0.5"}]
["Proprietário com antigo primário completo",70,null,{"v":34.48275862068965,"d":"34.5"}]
["Proprietário com 1° grau (ou antigo ginasial) completo",22,null,{"v":10.83743842364532,"d":"10.8"}]
["Proprietário com 2° grau (ou antigo colegial) completo",71,null,{"v":34.97536945812808,"d":"35.0"}]
["Proprietário com curso superior completo ",38,null,{"v":18.719211822660096,"d":"18.7"}]
["Pessoa Jurídica",1,null,{"v":0.49261083743842365,"d":"0.5"}]
["Proprietário residente na própria UPA ",55,null,{"v":27.093596059113302,"d":"27.1"}]
["Fonte: Secretaria de Agricultura e Abastecimento, CDRS/IEA, Projeto LUPA."]
[]
["TABELA 520.5 - Área Cultivada, Município de Santa Mercedes, Estado de São Paulo, 2007/08."]
["CULTURA","N.DE UPAs","MÍNIMO","MÉDIO","MÁXIMO","TOTAL"]
["Braquiaria",153,0.5,{"v":71.89,"d":"71.9"},{"v":1755,"d":"1,755.0"},{"v":10999,"d":"10,999.0"}]
["Cana-de-acucar",72,0.4,{"v":56.75,"d":"56.8"},{"v":355,"d":"355.0"},{"v":4085.8,"d":"4,085.8"}]
["Eucalipto",12,{"v":1,"d":"1.0"},{"v":20.44,"d":"20.4"},{"v":50,"d":"50.0"},245.3]
["Milho",13,{"v":1,"d":"1.0"},{"v":15.93,"d":"15.9"},{"v":120,"d":"120.0"},207.1]
["Gramas",9,3.5,{"v":8.96,"d":"9.0"},{"v":17,"d":"17.0"},80.6]
["Milho-silagem",4,1.2,14.6,{"v":30,"d":"30.0"},58.4]
["Seringueira",1,35.6,35.6,35.6,35.6]
["Manga",7,{"v":1,"d":"1.0"},4.1,{"v":10,"d":"10.0"},28.7]
["Cafe",5,0.5,{"v":5.38,"d":"5.4"},{"v":15,"d":"15.0"},26.9]
["Coloniao",1,{"v":22,"d":"22.0"},{"v":22,"d":"22.0"},{"v":22,"d":"22.0"},{"v":22,"d":"22.0"}]
["Feijao",1,{"v":19,"d":"19.0"},{"v":19,"d":"19.0"},{"v":19,"d":"19.0"},{"v":19,"d":"19.0"}]
["Macadamia (ou noz-macadamia)",1,{"v":10,"d":"10.0"},{"v":10,"d":"10.0"},{"v":10,"d":"10.0"},{"v":10,"d":"10.0"}]
["Urucum (ou urucu)",1,{"v":5,"d":"5.0"},{"v":5,"d":"5.0"},{"v":5,"d":"5.0"},{"v":5,"d":"5.0"}]
["Fruta-do-conde (ou pinha, ou anona)",2,0.6,2.2,3.8,4.4]
["Uva rustica",2,0.5,{"v":1.75,"d":"1.8"},{"v":3,"d":"3.0"},3.5]
["Mamao",1,2.5,2.5,2.5,2.5]
["Acerola (ou cereja-das-antilhas)",1,{"v":2,"d":"2.0"},{"v":2,"d":"2.0"},{"v":2,"d":"2.0"},{"v":2,"d":"2.0"}]
["Mandioca",1,{"v":1,"d":"1.0"},{"v":1,"d":"1.0"},{"v":1,"d":"1.0"},{"v":1,"d":"1.0"}]
["Pomar domestico",1,{"v":1,"d":"1.0"},{"v":1,"d":"1.0"},{"v":1,"d":"1.0"},{"v":1,"d":"1.0"}]
["Maracuja",1,{"v":1,"d":"1.0"},{"v":1,"d":"1.0"},{"v":1,"d":"1.0"},{"v":1,"d":"1.0"}]
["Fonte: Secretaria de Agricultura e Abastecimento, CDRS/IEA, Projeto LUPA."]